Revista catalana de derecho pb︢lico

Detalles Bibliográficos
Título anterior:Autonomies,
Autor Corporativo: Escuela de Administracin̤ Pb︢lica de Cataluą
Formato: Desconocido
Lenguaje:español
Publicado: Barcelona : Escola d'Administraci ̤Pb︢lica de Catalunya
Materias:
Acceso en línea:Acceso restringido

MARC

LEADER 00000ny a22000003n 4500
005 20110513110257.0
008 091203s sp 000 spa d
022 |a 1885-5709 
035 |a 4644 
040 |a SpMaUCDE  |d vLex 
080 |a 342(460)(05) 
080 |a 342.25(460)(05) 
090 |c 1846  |d 1846 
245 0 0 |a Revista catalana de derecho pb︢lico  |h [Recurso electrn̤ico] 
256 |a Servicio en ln̕ea 
260 |a Barcelona :  |b Escola d'Administraci ̤Pb︢lica de Catalunya 
310 |a Semestral 
506 1 |a Contenido solo disponible en los productos indicados  |d vLex Global  |d vLex Global (Academic Edition, excluding Law Schools)  |d vLex Global (U.S. Academic Edition, Law Schools)  |d vLex Global (U.S. Academic Edition, excluding Law Schools)  |d vLex Global (Academic Edition, Law Schools) 
546 |a Textos y resm︢enes en catalan, castellano, francš e inglš. 
580 |a Es fusin̤ de: Autonomies (ed. espaǫla) y de : Autonomies (ed. catalana) 
650 0 7 |a Actividad administrativa  |2 Tesauro vLex 
650 0 7 |a Acto administrativo  |2 Tesauro vLex 
710 2 |a Escuela de Administracin̤ Pb︢lica de Cataluą. 
740 0 |a vLex Revista (Servicios en ln̕ea) 
780 0 4 |t Autonomies,  |x 0213-344x 
843 |a Electrn̤ica. Abierta 
853 |8 1  |i (year)  |j (month)  |k (day) 
856 4 0 |u http://vlex.com/source/4644  |z Acceso restringido 
942 |c REV